[Event "Moscow Alekhine op"]
[Site "Moscow"]
[Date "1992.??.??"]
[Round "?"]
[White "Malaniuk, Vladimir P"]
[Black "Psakhis, Lev"]
[Result "1/2-1/2"]
[WhiteElo "2540"]
[BlackElo "2570"]
[Annotator "Dautov,R"]
[PlyCount "92"]
[EventDate "1992.10.??"]
[EventType "swiss"]
[EventRounds "9"]
[EventCountry "RUS"]
[SourceTitle "CBM 033"]
[Source "ChessBase"]
[SourceDate "1993.04.01"]
[SourceVersion "1"]
[SourceVersionDate "1993.04.01"]
[SourceQuality "1"]

1. d4 Nf6 2. Nf3 e6 3. c4 b6 4. e3 Bb7 5. Bd3 d5 (5... Be7 6. O-O O-O 7. Nc3 d5
8. cxd5 exd5 9. b3 Nbd7 10. Bb2 Ne4 11. Ne2 Bd6 12. Ng3 Qf6 13. Rc1 a6 14. Qc2
Nxg3 $6 (14... Rfe8 $142) 15. hxg3 Qh6 16. g4 Rfe8 17. g3 Nf8 $2 (17... f6 18.
Kg2 g6 $14) 18. Kg2 Qe6 19. Ng5 $18 {Malanjuk,V-Danielsen,H Espergarde PC 1992}
) 6. O-O Nbd7 7. Nc3 Bd6 8. b3 O-O 9. Bb2 a6 10. Rc1 Qe7 11. cxd5 (11. Na4 dxc4
12. bxc4 Ne4 13. Qe2 f5 14. Rfd1 Ng5 $1 $10) 11... exd5 12. Ne2 (12. Re1 $6 Ne4
13. Bf1 f5 14. g3 Rae8 15. Rc2 g5 16. Qc1 Rf7 17. Bg2 h6 $15 {Malich,B-Dautov,
R BL9192 Empor Berlin-Buna Halle}) 12... Ne4 13. Ng3 (13. Qc2 $5 {/\Ne5}) 13...
f5 14. Qc2 Rf7 $1 15. Rfe1 g6 16. Nf1 g5 $1 17. Qe2 g4 18. N3d2 Qh4 $1 $15 (
18... Nf8 $6 19. f3 gxf3 20. gxf3 Nxd2 21. Nxd2 $14 {/\f4,Nf3-e5}) 19. Rc2 Nf8
20. f4 gxf3 21. Nxf3 Qh6 22. Ne5 Bxe5 23. dxe5 Ne6 24. Ng3 (24. Nd2 c5 25. Nf3
Rg7 $15) 24... Nxg3 (24... c5 $2 25. Nh5 $36) 25. hxg3 c5 26. Qf1 (26. g4 fxg4
27. Qxg4+ Rg7 28. Qd1 Rf8 $17) (26. Rf1 Qg5 $17) 26... Qg5 27. Rf2 Raf8 28.
Bxa6 (28. Kh2 b5 $17) 28... Qxg3 29. Rf3 (29. Bd3 f4 30. e4 Ng5 $17) 29... Qg4
30. Qf2 (30. Bxb7 $142 Rxb7 31. Qd3 (31. Rd1 $2 Ng5 $17) 31... Rg7 32. Rf2 d4
33. Qc4 Rg6 34. exd4 cxd4 $15) 30... Bxa6 $1 31. Rg3 Rg7 32. Rxg4 Rxg4 33. Qd2
Bb7 $17 34. Kh2 (34. Re2 d4 35. exd4 Nf4 $19) 34... f4 35. Rf1 (35. exf4 d4 $1
36. g3 Rf5 $19) 35... fxe3 (35... d4 $5 36. exd4 cxd4 37. Rf2 Rf5 $17) 36.
Rxf8+ Kxf8 37. Qxe3 Rxg2+ $1 38. Kh3 Kg7 39. Kh4 d4 $2 (39... Rxb2 40. Qg1+ (
40. Qf3 Rh2+ 41. Kg3 Rh3+ $19) (40. Qg3+ Kh8 41. Qg4 Bc8 $19) 40... Kh8 41. Qf1
Rh2+ 42. Kg3 Rh6 43. Qf7 Bc6 $19) 40. Qh3 Rg6 (40... Nf8 41. Qf5 $1 (41. Bc1
Ng6+ 42. Kh5 Bf3+ 43. Qxf3 Rh2+ 44. Kg5 h6+ $19) 41... Rxb2 42. Qf6+ Kg8 43. e6
Ng6+ 44. Kg3 $132) (40... Bd5 $1 41. Bc1 Rg1 42. Qf5 Rxc1 43. Qf6+ Kg8 $19) 41.
Bc1 Be4 42. Qf1 d3 $5 43. Qe1 $5 Bf5 (43... Bf3 $142 $1 44. Be3 (44. Qf1 Rg4+
45. Kh3 Bg2+ 46. Qxg2 Rxg2 47. Kxg2 h5 $19) (44. Qf2 Nd4 $19) 44... Kg8 $15)
44. Qf2 Be4 45. Qe1 Bf5 46. Qf2 Be4 1/2-1/2

[Event "Ischia"]
[Site "Ischia"]
[Date "1996.??.??"]
[Round "2"]
[White "Khalifman, Alexander"]
[Black "Romanishin, Oleg M"]
[Result "1-0"]
[WhiteElo "2650"]
[BlackElo "2590"]
[Annotator "Dautov,R"]
[PlyCount "69"]
[EventDate "1996.06.??"]
[EventType "tourn"]
[EventRounds "9"]
[EventCountry "ITA"]
[EventCategory "14"]
[SourceTitle "CBM 054"]
[Source "ChessBase"]
[SourceDate "1996.10.01"]
[SourceVersion "1"]
[SourceVersionDate "1996.10.01"]
[SourceQuality "1"]

1. d4 Nf6 2. c4 e6 3. Nf3 b6 4. e3 Bb7 5. Bd3 Bb4+ 6. Nbd2 O-O 7. O-O c5 8. a3
Bxd2 9. Bxd2 d6 10. b4 (10. dxc5 bxc5 11. Qc2 Nbd7 12. Bc3 a5 13. Rad1 h6 14.
Nd2 Qc7 15. f4 $14 {Dreev,A-Shipov,S/St.Petersburg op 1993}) (10. Qe2 Ne4 11.
Be1 f5) 10... Nbd7 11. Bc3 Re8 {N} (11... Qc7 12. Rc1 Rad8 (12... Rfe8 13. Nh4
Rad8 14. f4 $2 Be4 $15 {Sherwin,J-Petrosian,T/Lone Pine 1976}) 13. Nd2 Rfe8 14.
Bb1 Bc6 15. Re1 Qb7 $2 16. d5 exd5 17. b5 $16 {Ehlvest-Kharitonov /Sverdlovsk
1984}) (11... Qe7 12. Nd2 (12. Re1 Ne4 13. Bxe4 Bxe4 14. Nd2 Bg6 $10 {Frias,
V-Kosten,A/London WFW 1990}) 12... Rfc8 13. dxc5 dxc5 14. Qc2 Rd8 15. Rfd1 Nf8
16. Nf1 Ne8 17. Ng3 Rd7 18. b5 Rad8 19. a4 a5 20. Rd2 Nd6 {1/2-1/2 Kharitonov,
A-Balashov,Y/RUS-ch Elista (05) ;CBM 50 1995}) 12. Nd2 Rc8 13. Rc1 Rc7 14. Re1
Nf8 (14... Qa8 15. f3 (15. Bf1 $14) 15... d5 16. dxc5 bxc5 17. b5 $14) 15. a4
$14 Ng6 16. Bf1 Rc8 17. f3 cxb4 (17... e5 18. d5 $14 {ץb7}) 18. Bxb4 e5 19. d5
$1 {><d6,Bb7} (19. Qb3 exd4 20. exd4 Rxe1 21. Rxe1 d5 22. c5 $14) 19... Qc7 20.
Rb1 Rb8 (20... Nf8 21. a5 bxa5 $2 22. Bxd6 Qxd6 23. Rxb7 $16) (20... Nd7 21.
Ne4 Nc5 22. Nxc5 (22. Nc3 $14) 22... bxc5 23. Bc3 $14 {<->b}) 21. a5 Nf8 (21...
bxa5 22. Ba3 Nf8 23. Qa4 N8d7 24. Rb5 $16) 22. Qa4 Red8 $2 (22... N8d7 {>=} 23.
Qa3 (23. axb6 axb6 24. Qb5 Ra8 $14) 23... Nc5 24. Rb2 $14) 23. Qa3 $16 Ne8 24.
Rbc1 (24. Ne4 $16) 24... h5 $2 (24... Nd7 25. Ne4 Nc5 26. axb6 axb6 27. Nxc5
dxc5 28. Bc3 $16) 25. Nb1 Bc8 26. Nc3 Qe7 27. Nb5 a6 28. Nc3 bxa5 29. Qxa5 Bf5
(29... Nd7 30. Na4 $16 {/\c5}) 30. e4 Bg6 31. c5 dxc5 32. Bxc5 Qc7 33. Qa3 Nd7
34. Bf2 Nd6 $4 35. Nb1 1-0

[Event "URS-ch53 First League"]
[Site "Kharkov"]
[Date "1985.10.??"]
[Round "?"]
[White "Chekhov, Valery A"]
[Black "Bareev, Evgeny"]
[Result "1-0"]
[WhiteElo "2495"]
[BlackElo "2310"]
[Annotator "Dolmatov,S"]
[PlyCount "127"]
[EventDate "1985.10.??"]
[EventType "tourn"]
[EventRounds "17"]
[EventCountry "URS"]
[EventCategory "9"]
[SourceTitle "MCL"]
[Source "ChessBase"]
[SourceDate "1999.07.01"]
[SourceVersion "1"]
[SourceVersionDate "1999.07.01"]
[SourceQuality "1"]

1. Nf3 Nf6 2. c4 c5 3. Nc3 b6 4. e3 e6 5. d4 cxd4 6. exd4 d6 7. Bd3 Be7 8. O-O
O-O 9. Re1 Bb7 10. d5 (10. b3 Nbd7 11. Bb2 $14) (10. Bg5 Nbd7 11. Qe2 Re8 12.
Rad1 Rc8 13. h3 Qc7 14. Qe3 Qb8 15. d5 $1 $14 {Lechtynsky,J-Mokry,K/CSSR/1985/
Inf 40/660/}) 10... e5 11. a3 a5 12. Rb1 Ne8 13. Qc2 g6 14. Bh6 Ng7 15. b4 Nd7
16. Qe2 {/\ Bc2-a4} Ba6 (16... f5 $2 17. Nd4 $1 $16) 17. Rbc1 Rc8 18. Na4 Re8
19. bxa5 bxa5 20. c5 Bxd3 21. Qxd3 Nxc5 (21... dxc5 $5 22. Nxe5 (22. d6 $6 Bf6)
22... Nxe5 23. Rxe5 Bd6 24. Rxe8+ Nxe8 25. g3 $14) 22. Nxc5 Rxc5 23. Rxc5 dxc5
24. Bxg7 Kxg7 25. Rxe5 Bf6 (25... Qd6 26. Qe3 $5 (26. Qe4 Kf8) 26... Kf8 $2 27.
Qh6+ Kg8 28. Ng5 $18) (25... Bd6 $6 26. Rxe8 Qxe8 27. Qc3+ f6 28. Qxa5 Qe4 29.
Qd2 Qb1+ 30. Qe1 Qa2 $16) 26. Rxe8 Qxe8 27. Qc4 Qe7 28. g3 h5 29. h4 Qd6 30.
Kf1 Kg8 31. Nd2 Bb2 32. Ne4 Qe5 33. d6 Kf8 34. d7 Ke7 35. Nxc5 Bd4 (35... Bxa3
36. d8=Q+ Kxd8 37. Qd3+ $18) 36. Nb7 (36. Nd3 Qd6 (36... Qe4 $2 37. Qc7 Qxd3+ (
37... Qh1+ 38. Ke2 Qe4+ 39. Kd2 $18) 38. Kg2 Qe4+ 39. Kh2 $18) 37. Nf4 Be5)
36... Kxd7 37. Nxa5 Qf6 38. Qb5+ Ke6 39. Qc6+ Ke7 40. Qxf6+ Bxf6 41. Nc4 Ke6
42. f4 Be7 (42... Kd5 43. Ne5 Bxe5 44. fxe5 Kxe5 45. Ke2 $18) 43. a4 f6 (43...
Kd5 44. Ne5 $18) 44. a5 Bc5 (44... Kd5 45. Ne3+ Kd4 46. f5 $18) 45. a6 Kd7 46.
Ke2 Kc6 47. Nd2 Kb6 48. Ne4 Be7 49. Kd3 f5 (49... Kxa6 50. Kc4 Kb6 51. Kd5 $18)
50. Nd2 Bc5 51. Nf3 (51. Kc4 $2 Bf2 52. Nf1 Kc6 $10) 51... Kxa6 52. Kc4 Bf2 53.
Ne5 Kb6 54. Kd5 Bxg3 55. Nxg6 Be1 56. Ke6 $18 Kc5 57. Kxf5 Kd5 58. Kf6 Bd2 59.
f5 Kd6 60. Kf7 Bc3 61. f6 Bd4 62. Ne7 Bc3 63. Kg6 Kd7 64. Nd5 1-0

[Event "URS-ch52 First League"]
[Site "Sverdlovsk"]
[Date "1984.11.??"]
[Round "?"]
[White "Ehlvest, Jaan"]
[Black "Kholmov, Ratmir D"]
[Result "1-0"]
[WhiteElo "2485"]
[BlackElo "2465"]
[Annotator "Dolmatov,S"]
[PlyCount "89"]
[EventDate "1984.11.15"]
[EventType "tourn"]
[EventRounds "15"]
[EventCountry "URS"]
[EventCategory "9"]
[SourceTitle "MCL"]
[Source "ChessBase"]
[SourceDate "1999.07.01"]
[SourceVersion "1"]
[SourceVersionDate "1999.07.01"]
[SourceQuality "1"]

1. d4 Nf6 2. c4 e6 3. Nf3 Bb4+ 4. Nbd2 b6 5. a3 Bxd2+ 6. Qxd2 (6. Bxd2 Bb7 7.
Bg5 d6 8. e3 Nbd7 9. Bd3 h6 10. Bh4 g5 11. Bg3 h5 12. h3 Rg8 $13 {Hjartarson,
J-Korchnoi,V/Reykjavik/1987/ Inf 43/622/}) 6... Bb7 7. e3 O-O 8. Be2 d5 $6 (
8... d6 9. b4 Nbd7 10. Bb2 Qe7 11. O-O Rfd8 12. Rfd1 c5 13. Rac1 Rac8 $10 {
Oll,L-Holmov,R/Klajpeda/1988/}) (8... Ne4 9. Qd3 d5 10. b3 a5 11. Bb2 a4 12.
Rc1 Ba6 13. Qc2 axb3 14. Qxb3 Nc6 $10 {Jusupov,A-Nikolic,P/Barcelona/1989/ Inf
47/631/}) 9. O-O dxc4 10. Bxc4 Nbd7 11. b4 c5 12. Bb2 (12. bxc5 $6 bxc5 13. Bb2
Nb6 $10) 12... Qe7 13. Qe2 Rac8 {/\ 14...cb 15.ab Qb4 16.Ba3 Qc4} 14. Nd2 (14.
dxc5 bxc5 15. b5 Nb6 16. Ne5 Nxc4 (16... Na4 17. Qc2 Nxb2 18. Qxb2 Rfd8 19. a4
$14) 17. Nxc4 Rfd8 18. a4 Rd5 $14) 14... cxd4 (14... Rfd8 $5 15. Rfd1 $5 $14 (
15. dxc5 $6 bxc5 16. b5 Nb6 17. a4 $2 Rxd2 $17)) 15. Bxd4 Rfe8 (15... Rfd8 $5)
16. Bb2 Nf8 17. Rfc1 Ng6 18. f3 Rc7 19. Nf1 Rec8 20. Bb5 Nd5 (20... a5 $2 21.
bxa5 bxa5 22. Qd2 Rxc1 23. Rxc1 Rxc1 24. Qxc1 $16) 21. Rxc7 Rxc7 22. Qd2 Bc6
23. Be2 $14 Rd7 24. Qd4 f6 (24... Qf8 $5 25. Qc4 Bb7 26. Qb3 Qc8 27. Rd1 Rc7
$14) 25. Qc4 Bb7 26. Qb3 Nf8 27. Rd1 Nc7 (27... Qd8 $2 28. Bb5 Rd6 29. Qd3 $16)
28. Rc1 Ba6 $6 (28... Qd8 $5) 29. b5 Bc8 $2 (29... Bb7 30. a4 Qd8 31. Ba3 Nd5
$14) 30. a4 Bb7 31. Ba3 Qd8 32. Ng3 Bd5 33. Qb4 Ng6 (33... e5 $6 34. Nf5 Nfe6
35. Ne7+ $16) 34. h4 $1 $16 e5 35. h5 Ne7 36. Rd1 Kf7 (36... Ne6 $2 37. e4 Bb7
38. Rxd7 $18) 37. Ne4 g6 (37... Bxe4 38. Rxd7 Qxd7 39. Qxe4 g6 40. Qb7 $18) 38.
Nd6+ Kg7 39. f4 $1 exf4 40. Qxf4 Ng8 41. Bg4 $18 Be6 42. Bf3 Qb8 43. Bc6 Rd8
44. Qd4 Rf8 45. Ne4 1-0

[Event "Biel"]
[Site "Biel"]
[Date "1986.07.23"]
[Round "4"]
[White "Polugaevsky, Lev"]
[Black "Cebalo, Miso"]
[Result "1/2-1/2"]
[WhiteElo "2575"]
[BlackElo "2475"]
[Annotator "Dolmatov,S"]
[PlyCount "39"]
[EventDate "1986.07.20"]
[EventType "tourn"]
[EventRounds "11"]
[EventCountry "SUI"]
[EventCategory "12"]
[SourceTitle "MCL"]
[Source "ChessBase"]
[SourceDate "1999.07.01"]
[SourceVersion "1"]
[SourceVersionDate "1999.07.01"]
[SourceQuality "1"]

1. d4 Nf6 2. c4 e6 3. Nf3 Bb4+ 4. Nbd2 b6 5. a3 Bxd2+ 6. Qxd2 Bb7 7. e3 Ne4 8.
Qc2 O-O 9. Bd3 f5 10. O-O Rf6 11. Rd1 $6 (11. Nd2 $5 Rh6 12. f3 Nd6 13. Rf2 Qh4
14. Nf1 Nc6 15. b4 Nf7 16. c5 $14 {Novikov,I-Vilela,J/Manzanillo/1987/}) 11...
d6 12. Nd2 $6 Nxd2 13. Bxd2 Rg6 14. d5 Nd7 15. e4 Ne5 16. exf5 exf5 17. Bxf5
Nf3+ 18. Kh1 Nd4 19. Qd3 Nxf5 20. Qxf5 (20. Qxf5 Rf6 (20... Qh4 $6 21. f4 $14)
21. Qe4 Rxf2 22. Bc3 Qf8 23. Re1 Rd8 $10) 1/2-1/2

[Event "SUI-chT"]
[Site "Switzerland"]
[Date "1995.??.??"]
[Round "7"]
[White "Giertz, Niklaus"]
[Black "Donev, Ivo Hristov"]
[Result "0-1"]
[WhiteElo "2360"]
[BlackElo "2385"]
[Annotator "Donev,I"]
[PlyCount "126"]
[EventDate "1995.??.??"]
[EventType "team-tourn"]
[EventRounds "9"]
[EventCountry "SUI"]
[SourceTitle "CBM 049 Extra"]
[Source "ChessBase"]
[SourceDate "1996.01.01"]
[SourceVersion "1"]
[SourceVersionDate "1996.01.01"]
[SourceQuality "1"]

1. d4 d5 2. c4 e6 3. e3 Nf6 4. Nf3 Be7 5. Be2 O-O 6. O-O b6 7. b3 Bb7 8. Ba3 {
Weiß möchte den schwarzfeldrigen Läufer tauschen, weil er meint, daß der weiße
Läufer auf b2 schlechter steht als der schwarze Läufer auf e7 (Siehe
Bauerstruktur f7, e6, d5, und f2, e3, d4).} Nbd7 9. Bxe7 Qxe7 $15 {[%csl Ra3,
Rb2,Rb4,Rc3] Die Hauptprobleme des Nachziehenden im Damengambit sind 1.
Entwicklung des weißfeldrigen Läufers c8 (der meistens vom Bauern e6
eingesperrt ist) 2. Die Dame auf d8 hat oft kein günstiges Feld und stört die
Harmonie der Türme.  In der Diagrammstellung hat der Nachziehende das Problem
mit dem weißfeldrigen Läufer durch Damenfianchetto gelöst, und nach dem
zweifelhaften Abtausch Ba3 gegen Be7 hat die Dame ein gutes Feld bekommen.
Dazu kommt, daß Schwarz leichten Entwicklungsvorsprung hat - Nb1 und Qd1 sind
noch nicht entwickelt, und die schwarzen Felder des weißen Damenflügels sind
abgeschwächt. Schlußfolgerung: Schwarz hat angenehmes Spiel.} 10. Nc3 Rfd8 {
[%cal Yd8d1] Der schwarze Turm hat die Dd1 unter Röntgenangriff genommen, der
Nachziehende bereitet c5 vor.} 11. cxd5 Nxd5 $1 {Es ist wichtig, den
Fianchettoläufer nicht einzusperren, da dieser auf die große Diagonale drückt.}
12. Nxd5 Bxd5 13. Qc1 {Die weiße Dame räumt das Feld d1 für den Turm.} c5 14.
dxc5 (14. Qa3 Kf8 $15) 14... Nxc5 15. Rd1 {In dieser Mittelspielstellung habe
ich mehr als 30 Minuten überlegt. Welches ist der richtige Plan des
Nachziehenden? Der logische Zug scheint zu sein Ra8 auf c8 mit der Drohung des
Springerabzuges, aber leider kann Weiß durch Qa3 nebst Rac1 bequemes Spiel
bekommen. Die taktische Idee wäre das Opfer 15... Bb3, aber nach 16.ab Nb3 mit
Doppelangriff hat Weiß den Zwischenzug Qa3!. Nach diesem Zwischenzug hat Weiß
Materialvorteil (Figur für 2 Bauern)} a5 $3 {Der richtige Plan für Schwarz ist
das Spiel am Damenflügel. Er kann die Initiative erringen durch das Manöver
a7-a5-a4. Die Wirkung des Läufers auf d5 und des Turmes a8 wird dadurch
verstärkt. Außerdem wird die weiße Bauernstruktur noch mehr abgeschwächt.} 16.
Qb2 a4 17. b4 a3 $1 {Wichtiger Zwischenzug - dadurch wird der weiße Bauer a2
fixiert und Bauer b4 abgeschnitten. Sonst würde Weiß nach einem Springerzug a3
ziehen.} 18. Qc3 Ne4 19. Qe1 Rdc8 $1 {Es droht Nc3 mit der Doppeldrohung Rd1,
Pa2 und die Dame e1 deckt nicht mehr den Bauern b4.} (19... Rac8 {Dieser Zug
ist nicht besser wegen 20. Rd3, Schwarz bekommt dadurch Probleme mit dem
Bauern a3.}) 20. b5 Nc3 {[%cal Rc3a2,Rc3e2,Rc3d1,Rc3b5] [#]} 21. Rd2 Nxe2+ (
21... Qb7 22. Rc2 Nxe2+ 23. Qxe2 Rxc2 24. Qxc2 Bxf3 25. gxf3 Qxf3 26. Qc6 $15)
(21... Rc5 $5 {/\Rac8}) 22. Qxe2 Bc4 23. Qd1 Bxb5 {Schwarz hat schon
Materialvorteil, und der Läufer ist besser als der Springer.} 24. Rc1 Bc6 {
Ich wollte den Läufer auf d5 spielen, wo er den schwachen Bauern auf a2
angreift.} (24... h6 $142 {Dieser Zug ist früher oder später nützlich, weil er
die Mattdrohungen auf der achten Reihe neutralisiert.}) 25. Rdc2 Rd8 26. Qe2
Bd5 27. Ne5 Qd6 (27... Bxg2 28. Rc7 Qg5 29. Nxf7 Qg6 30. Ne5 Bf3+ 31. Nxg6 Bxe2
32. Nf4 $14) 28. Nc6 Bxc6 29. Rxc6 Qd2 30. Qxd2 Rxd2 31. Rc8+ Rd8 32. Rxa8 Rxa8
33. Kf1 $6 (33. g3 $142) 33... Kf8 34. Rc6 Ra5 $1 {Es kommt oft vor in
Turmendspielen, daß man für die Aktivität des Turmes einen (oder mehrere)
Bauern opfert.} (34... Rb8 35. Rc3 Ra8 36. Rb3 Ra6 {Der weiße Turm steht klar
besser als der schwarze, dadurch hat Weiß gute Remischancen.}) (34... Ra6 $6
35. Ke2 $10) 35. Rxb6 Rc5 {Die Stellung ist symmetrisch. Ohne die Türme hat
Weiß eine gewonnene Endspielstellung, egal wer am Zug ist - mit dem einfachen
Plan: König f1 holt den Bauern a3 ab. Durch den aktiven Turm auf c5 hat
Schwarz Vorteil. Es droht Rc1+ und auch Rc2 mit Bauernverlust. Der Bauer a3
spielt hier eine sehr wichtige Rolle, er verhindert den weißen Turmrückzug auf
die zweite Reihe.} 36. g3 {Folgende Variante ist sehr lehrreich:} (36. Rb1 Rc2
37. Ra1 {Der schwarze Turm auf der zweiten Reihe ist ein Riese im Vergleich zu
seinem Kollegen auf a1, der keinen Zug hat. Die Erweiterung des schwarzen
Vorteils ist: Raumvorteil durch Bauernmarsch am Königsflügel nebst
Königswanderung zum Bauern a2 im günstigsten Moment.} Ke7 $17 (37... g5 38. g3
g4 $17)) 36... Rc2 37. Ra6 $1 Rxa2 {Weiß hat den Bauern geopfert und hat dafür
den aktiveren Turm bekommen.} 38. h4 h5 39. Ra7 g6 40. Kg2 Kg7 41. Ra5 Kf6 42.
Kf3 Ra1 {Hier habe ich lange überlegt, was besser ist: Ra1 und Pa2 oder Ra2
und Pa3?} (42... Ke7 $142) 43. Ra7 Ra2 {Die richtige Idee, wenn ich den Bauern
auf a2 gezogen hätte, wäre die Stellung Remis:} (43... a2 $2 44. Kf4 Kg7 45.
Ke5 $1 $10) 44. Ra5 Ke7 {/\Kd6} 45. Ra7+ Ke8 (45... Kd6 46. Rxf7 Rb2 47. Ra7 a2
48. Kf4 Rxf2+ 49. Kg5 Rg2 50. Kf6 $10) 46. Ra8+ Kd7 $3 {[#]Durch dieses feine
Manöver gewinnt Schwarz später das entscheidende Tempo.} (46... Ke7 47. Ra7+
Kd6 48. Rxf7 Rb2 49. Ra7 a2 50. Kf4 Rxf2+ 51. Kg5 $13) 47. Ra7+ Kc6 $1 48. Rxf7
{Jetzt versteht man, warum Schwarz die Bauern nach h5 und g6 gezogen hat,
damit der weiße Turm nicht weiterschlagen kann.} Rb2 49. Ra7 a2 50. Kf4 {
[%cal Yb2f2,Yf2f3,Yf3f5,Yf5a5] [#]} (50. Kg2 e5 $17) 50... Rxf2+ 51. Kg5 (51.
Ke5 Kb6 52. Ra3 Rf5+ 53. Kxe6 Ra5 54. Rxa2 Rxa2 55. Kf6 Rg2 $19) (51. Ke4 Kc5
52. Ke5 (52. Ra4 Kb5 53. Ra8 Kb4 54. Kd3 Kb3 55. Rb8+ Ka3 56. Ra8+ Kb2 57. Rb8+
Kc1 58. Rc8+ Kb1 59. Rb8+ Rb2 $19) 52... Kb6 53. Ra3 Rf5+ 54. Kxe6 Ra5 55. Rxa2
Rxa2 $19) 51... Kb6 $1 {Es ist wichtig, daß der König auf b6 ist, damit er das
Tempo für den Brückenbau gewinnt.} 52. Ra3 Rf5+ $1 53. Kxg6 Ra5 $1 $19 54. Rxa2
Rxa2 55. Kxh5 {In dieser Stellung ist der schwarze Turm aktiv und stärker als
beide Freibauern.} Re2 56. g4 Rxe3 57. Kg6 Rh3 58. h5 Kc5 59. h6 e5 60. Kf5
Rxh6 61. Kxe5 Rh1 62. g5 Rg1 63. Kf6 Kd6 0-1

[Event "Groningen"]
[Site "Groningen"]
[Date "1994.??.??"]
[Round "11"]
[White "Sokolov, Ivan"]
[Black "Almasi, Zoltan"]
[Result "0-1"]
[WhiteElo "2625"]
[BlackElo "2620"]
[Annotator "Ernst,T"]
[PlyCount "88"]
[EventDate "1994.12.??"]
[EventType "tourn"]
[EventRounds "11"]
[EventCountry "NED"]
[EventCategory "15"]
[SourceTitle "CBM 045"]
[Source "ChessBase"]
[SourceDate "1995.04.01"]
[SourceVersion "1"]
[SourceVersionDate "1995.04.01"]
[SourceQuality "1"]

1. d4 Nf6 2. c4 e6 3. Nf3 b6 4. e3 Bb7 5. Bd3 d5 6. cxd5 exd5 7. O-O Be7 8. Nc3
(8. b3 O-O 9. Bb2 Nbd7 10. Nbd2 $5) 8... O-O 9. b3 Nbd7 10. Bb2 Re8 11. Rc1 a6
(11... Bd6 12. Nb5) 12. Ne2 $6 (12. Re1 $5 Bd6 13. Bf5) (12. Ne5 $142 $1 {/\f4}
Nxe5 13. dxe5 Nd7 14. e4 $5 (14. f4 $5)) 12... Bd6 $1 13. Ng3 $6 {/\Nf5} g6 14.
Qc2 Rc8 15. Qe2 Ra8 16. Rc2 Ne4 17. Rfc1 f6 18. Nf1 Nf8 19. N3d2 Ne6 20. Qg4 (
20. Nxe4 dxe4 21. Bc4 b5 $17) 20... N6g5 21. Nxe4 Nxe4 22. Qh4 Ng5 23. Kh1 f5
24. f3 $6 Rc8 25. Rd1 Ne6 26. Qf2 Qf6 27. Re2 Re7 28. Nd2 Rce8 29. f4 {/\Nf3-e5
} g5 $1 30. fxg5 (30. g3 g4 {/\h7-h5-h4}) 30... Nxg5 31. Bxf5 (31. Qxf5 $142
Qxf5 32. Bxf5 Rxe3 33. Rxe3 Rxe3 $15) 31... Qh6 32. g3 $2 (32. Qg1 $142) 32...
Rf7 $17 33. g4 Bc8 34. Qg2 Bxf5 35. gxf5 Rxf5 36. e4 $2 dxe4 37. Nxe4 Rxe4 $1
38. Rxe4 Bxh2 $1 39. Bc1 (39. Qxh2 Qxh2+ 40. Kxh2 Nxe4) (39. Rg4 $2 Bf4+ 40.
Kg1 Be3+ $19) 39... Bg3+ 40. Kg1 Bh2+ $138 41. Kh1 (41. Qxh2 Nf3+ $19) 41...
Bg3+ 42. Kg1 Qh5 $1 43. Re8+ (43. Qxg3 Qxd1+ 44. Re1 Qxe1+ 45. Qxe1 Nf3+ $19)
43... Qxe8 (43... Kf7 $1) 44. Qxg3 Qe2 (44... Qe2 45. Re1 Qxe1+ 46. Qxe1 Nf3+
$19) 0-1

[Event "Reggio Emilia 9495 37th"]
[Site "Reggio Emilia"]
[Date "1994.??.??"]
[Round "7"]
[White "Garcia Palermo, Carlos H"]
[Black "Tatai, Stefano"]
[Result "1-0"]
[WhiteElo "2490"]
[BlackElo "2430"]
[Annotator "Ernst,T"]
[PlyCount "33"]
[EventDate "1994.12.??"]
[EventType "tourn"]
[EventRounds "11"]
[EventCountry "ITA"]
[EventCategory "10"]
[SourceTitle "CBM 045"]
[Source "ChessBase"]
[SourceDate "1995.04.01"]
[SourceVersion "1"]
[SourceVersionDate "1995.04.01"]
[SourceQuality "1"]

1. d4 Nf6 2. c4 e6 3. Nf3 b6 4. e3 Bb7 5. Bd3 d5 6. O-O (6. b3 $5 dxc4 7. bxc4)
6... dxc4 7. Bxc4 Be7 (7... c5 $5) 8. Qe2 O-O 9. Rd1 Qc8 $6 (9... Nbd7 $5 10.
Nc3 c5) 10. Nc3 c5 11. e4 cxd4 12. Nxd4 Nc6 13. Nf3 a6 14. Bd3 Nb4 $10 15. Bg5
Nxd3 16. Rxd3 Rd8 $2 (16... Qc7 $142 17. Rc1 (17. e5 Nd5 $10) 17... Rac8 18.
Na4 Qxc1+ 19. Bxc1 Rxc1+ 20. Rd1 Rxd1+ 21. Qxd1 Nxe4 22. Nxb6 (22. Qd7 $2 Rd8
$19) 22... Rd8 23. Qa4 Bc5 24. Nd7 Bxf2+ $10) 17. e5 (17. e5 Bxf3 (17... Nd5 $2
18. Nxd5 Bxg5 19. Nxb6 $18) 18. Rxf3 (18. Qxf3 $2 Rxd3 19. Qxd3 Nd5 20. Nxd5
Bxg5 21. Nxb6 Qd8 22. Nd7 $16) 18... Nd5 19. Nxd5 Bxg5 20. Nxb6 $18) 1-0